[Event "vl-2324 MVP"]
[Site "MVP"]
[Date "2023.10.22"]
[Round "1.2"]
[White "Stoevesand, Peter"]
[Black "Mangold, Thomas"]
[Result "1/2-1/2"]
[WhiteElo "1754"]
[BlackElo "2012"]
[PlyCount "54"]
[EventDate "2023.??.??"]
[EventType "team-tourn"]
[EventRounds "9"]
[EventCountry "GER"]
[WhiteTeam "SG Neubrandenburg"]
[BlackTeam "SSC Rostock"]
[WhiteTeamCountry "GER"]
[BlackTeamCountry "GER"]

1. e4 e5 2. Nf3 Nc6 3. Bb5 a6 4. Ba4 d6 5. O-O Bd7 6. c3 Nf6 7. Re1 g6 8. d4 b5 9. Bb3 Bg7 10. dxe5 Nxe5 11. Nxe5 dxe5 12. f3 O-O 13. Be3 Qe7 14. c4 Be6 15. Qc2 Rfd8 16. Nd2 Ne8 17. Rac1 Rd7 18. Red1 Rad8 19. a3 Rd3 20. Nf1 Rxd1 21. Rxd1 Rxd1 22. Qxd1 bxc4 23. Ba2 c3 24. Bxe6 Qxe6 25. bxc3 Nd6 26. Bc5 Bf8 27. Ne3 c6 1/2-1/2

[Event "vl-2324 MVP"]
[Site "MVP"]
[Date "2023.10.22"]
[Round "1.3"]
[White "Schmidt, Peter"]
[Black "Schulz, Daniel"]
[Result "0-1"]
[WhiteElo "2075"]
[BlackElo "1817"]
[PlyCount "137"]
[EventDate "2023.??.??"]
[EventType "team-tourn"]
[EventRounds "9"]
[EventCountry "GER"]
[WhiteTeam "SSC Rostock"]
[BlackTeam "SG Neubrandenburg"]
[WhiteTeamCountry "GER"]
[BlackTeamCountry "GER"]

1. Nf3 Nf6 2. b3 c5 3. Bb2 Nc6 4. e3 e6 5. a3 Be7 6. Bd3 d5 7. O-O Qc7 8. c4 O-O 9. Nc3 a6 10. Qc2 Rd8 11. cxd5 exd5 12. Rac1 Bg4 13. Ne2 Bxf3 14. gxf3 Ne5 15. Bxe5 Qxe5 16. f4 Qd6 17. Ng3 Bf8 18. Nf5 Qe6 19. f3 b5 20. Qb2 Rab8 21. b4 c4 22. Bb1 Rb6 23. Rf2 g6 24. Rg2 Kh8 25. Nd4 Qd7 26. Rf1 Bg7 27. f5 Ne8 28. fxg6 hxg6 29. f4 Nd6 30. f5 Ne4 31. Rf4 Re8 32. Rfg4 Qxf5 33. Rh4+ Kg8 34. d3 cxd3 35. Nxf5 Bxb2 36. Nh6+ Kf8 37. Rxb2 d2 38. Bc2 Rc6 39. Bb3 Rc1+ 40. Kg2 d1=Q 41. Bxd1 Rxd1 42. Ng4 Ra1 43. Rh8+ Ke7 44. Rxe8+ Kxe8 45. Rb3 Ke7 46. Ne5 Ra2+ 47. Kh3 Rc2 48. Nf3 Rc3 49. Rxc3 Nxc3 50. Nd4 Nb1 51. Nc2 Nd2 52. Kg4 f6 53. Kf4 Kd6 54. Nd4 Nc4 55. Nc2 Kd7 56. e4 Kd6 57. h4 Nd2 58. exd5 Kxd5 59. Ke3 Nc4+ 60. Kf4 Nd2 61. Ke3 Nb1 62. Kd3 f5 63. Ke3 Ke5 64. Kf3 Nd2+ 65. Ke3 Nc4+ 66. Kf3 f4 67. Ne1 Kf5 68. Nd3 Ne5+ 69. Nxe5 0-1

[Event "vl-2324 MVP"]
[Site "MVP"]
[Date "2023.10.22"]
[Round "1.4"]
[White "Kunow, Frank"]
[Black "Hodl, Ingolf"]
[Result "1-0"]
[WhiteElo "1927"]
[BlackElo "1911"]
[PlyCount "69"]
[EventDate "2023.??.??"]
[EventType "team-tourn"]
[EventRounds "9"]
[EventCountry "GER"]
[WhiteTeam "SG Neubrandenburg"]
[BlackTeam "SSC Rostock"]
[WhiteTeamCountry "GER"]
[BlackTeamCountry "GER"]

1. c4 g6 2. g3 Bg7 3. Bg2 Nf6 4. Nc3 O-O 5. e3 d6 6. Nge2 c6 7. O-O e5 8. d3 a5 9. e4 Nbd7 10. h3 Nc5 11. f4 Bd7 12. f5 h5 13. Kh2 gxf5 14. exf5 Qc8 15. Ne4 Ncxe4 16. dxe4 Qc7 17. Nc3 Rfb8 18. g4 hxg4 19. hxg4 Nh7 20. g5 f6 21. Qh5 fxg5 22. Bxg5 Be8 23. Qh4 Qf7 24. Bf3 Nxg5 25. Qxg5 Qf6 26. Qg4 Kf8 27. Rg1 Bf7 28. c5 dxc5 29. Rad1 Rd8 30. Na4 Qh6+ 31. Kg3 Qe3 32. Nb6 Rxd1 33. Rxd1 Re8 34. Nd7+ Ke7 35. Qh4+ 1-0

[Event "vl-2324 MVP"]
[Site "MVP"]
[Date "2023.10.22"]
[Round "1.5"]
[White "Nour, Alaa"]
[Black "Hoerhold, Martin"]
[Result "1-0"]
[WhiteElo "1774"]
[BlackElo "1852"]
[PlyCount "75"]
[EventDate "2023.??.??"]
[EventType "team-tourn"]
[EventRounds "9"]
[EventCountry "GER"]
[WhiteTeam "SSC Rostock"]
[BlackTeam "SG Neubrandenburg"]
[WhiteTeamCountry "GER"]
[BlackTeamCountry "GER"]

1. e4 e5 2. Nf3 Nc6 3. Bb5 a6 4. Ba4 Nf6 5. d3 d6 6. h3 Be7 7. c3 O-O 8. O-O b5 9. Bc2 h6 10. Nbd2 Re8 11. a4 b4 12. Nc4 Bf8 13. Re1 Be6 14. Ne3 d5 15. exd5 Nxd5 16. Nxd5 Bxd5 17. Be3 Qf6 18. Nd2 Qg6 19. f3 f5 20. Rc1 Be6 21. Bf2 Rad8 22. Qe2 Bd6 23. Kh1 Qh5 24. Nc4 g5 25. Nxd6 cxd6 26. Kg1 bxc3 27. bxc3 Ne7 28. d4 Ng6 29. Qxa6 g4 30. fxg4 fxg4 31. Qd3 Nf4 32. Qh7+ Kf8 33. Be3 Rd7 34. Qh8+ Ke7 35. Qg7+ Kd8 36. Qf6+ Kc8 37. Bxf4 exf4 38. Rxe6 1-0

[Event "vl-2324 MVP"]
[Site "MVP"]
[Date "2023.10.22"]
[Round "1.6"]
[White "Rossmann, Andreas"]
[Black "Onasch, Gunnar"]
[Result "1-0"]
[WhiteElo "2073"]
[BlackElo "1897"]
[PlyCount "95"]
[EventDate "2023.??.??"]
[EventType "team-tourn"]
[EventRounds "9"]
[EventCountry "GER"]
[WhiteTeam "SG Neubrandenburg"]
[BlackTeam "SSC Rostock"]
[WhiteTeamCountry "GER"]
[BlackTeamCountry "GER"]

1. d4 Nf6 2. Nf3 c5 3. e3 cxd4 4. exd4 d5 5. Bd3 Nc6 6. c3 e6 7. O-O Be7 8. Re1 Qc7 9. Bg5 O-O 10. Nbd2 a6 11. Ne5 h6 12. Bh4 b5 13. Nxc6 Qxc6 14. Rc1 Ra7 15. Nf3 Ne8 16. Bxe7 Rxe7 17. Ne5 Qb6 18. Re3 Rc7 19. Rg3 Qd6 20. Qh5 Kh8 21. Rf3 Kg8 22. Ng4 Qe7 23. Nxh6+ gxh6 24. Re1 Ng7 25. Qxh6 f5 26. Rh3 Rf6 27. Qh7+ Kf7 28. Rg3 Ke8 29. Re5 Kd8 30. a4 bxa4 31. Rge3 Ne8 32. Qh5 Qf7 33. Qd1 Nd6 34. Qxa4 Nc4 35. Bxc4 Rxc4 36. Qd1 f4 37. Rh3 Rg6 38. Reh5 Rc7 39. Rh8+ Rg8 40. Qg4 Rxh8 41. Rxh8+ Kd7 42. h4 Kd6 43. h5 a5 44. h6 Qf6 45. Qg8 Bb7 46. h7 Qe7 47. Qd8+ Rd7 48. Qxe7+ 1-0

[Event "vl-2324 MVP"]
[Site "MVP"]
[Date "2023.10.22"]
[Round "1.8"]
[White "Hartung, Lothar"]
[Black "Wurst, Maximilian"]
[Result "1/2-1/2"]
[WhiteElo "1927"]
[BlackElo "1723"]
[PlyCount "106"]
[EventDate "2023.??.??"]
[EventType "team-tourn"]
[EventRounds "9"]
[EventCountry "GER"]
[WhiteTeam "SG Neubrandenburg"]
[BlackTeam "SSC Rostock"]
[WhiteTeamCountry "GER"]
[BlackTeamCountry "GER"]

1. d4 Nf6 2. Bf4 b6 3. e3 Bb7 4. Nf3 e6 5. Bd3 h6 6. h3 Be7 7. Nbd2 d5 8. Qe2 Nbd7 9. Ne5 O-O 10. O-O c5 11. c3 Nxe5 12. Bxe5 Nd7 13. Bg3 c4 14. Bc2 f5 15. Nf3 Nf6 16. Ne5 Ne4 17. Bxe4 fxe4 18. Ng6 Rf5 19. Nxe7+ Qxe7 20. Be5 Raf8 21. f3 exf3 22. Rxf3 Rxf3 23. gxf3 Qg5+ 24. Kh2 Qf5 25. Rg1 g6 26. Qg2 Kh7 27. f4 Bc6 28. Qg4 Qxg4 29. Rxg4 Rf7 30. Rg2 Ba4 31. Rd2 Rb7 32. a3 Kg8 33. Kg3 Kf7 34. Kg4 Be8 35. h4 Ke7 36. Kf3 Kd7 37. Ke2 a5 38. Kd1 Kc6 39. Rg2 h5 40. Re2 b5 41. e4 dxe4 42. Rxe4 Kd5 43. Re3 b4 44. axb4 axb4 45. Bf6 bxc3 46. bxc3 Ba4+ 47. Kc1 Rf7 48. Bg5 Bb3 49. Re5+ Kd6 50. Ra5 Rb7 51. Kd2 Rb6 52. Bh6 Kc6 53. Rc5+ Kd7 1/2-1/2

[Event "vl-2324 MVP"]
[Site "MVP"]
[Date "2023.11.05"]
[Round "2.1"]
[White "Kallweit, Paul"]
[Black "Stutz, Reno"]
[Result "0-1"]
[WhiteElo "1891"]
[BlackElo "2039"]
[PlyCount "66"]
[EventDate "2023.??.??"]
[EventType "team-tourn"]
[EventRounds "9"]
[EventCountry "GER"]
[WhiteTeam "SSC Rostock"]
[BlackTeam "GW Wismar"]
[WhiteTeamCountry "GER"]
[BlackTeamCountry "GER"]

1. d4 d5 2. Bf4 Nf6 3. e3 c5 4. c3 Nc6 5. Nd2 Qb6 6. Qb3 e6 7. h3 Be7 8. Ngf3 O-O 9. Be2 c4 10. Qc2 Qd8 11. e4 b5 12. e5 Nd7 13. a3 f6 14. exf6 Bxf6 15. Be3 e5 16. dxe5 Ndxe5 17. O-O-O a5 18. Nxe5 Nxe5 19. Nf3 Nc6 20. a4 Ba6 21. axb5 Bxb5 22. Qf5 Ne7 23. Qe6+ Kh8 24. Ng5 Qe8 25. Bg4 Ra6 26. Rhe1 Rxe6 27. Nxe6 Rf7 28. Ng5 Bxg5 29. Bxg5 h6 30. Bh4 Qf8 31. Be6 Rxf2 32. Bxf2 Qxf2 33. Bg4 Ba4 0-1

[Event "vl-2324 MVP"]
[Site "MVP"]
[Date "2023.11.05"]
[Round "2.2"]
[White "Kliewe, Hans-Juergen"]
[Black "Mangold, Thomas"]
[Result "1/2-1/2"]
[WhiteElo "2127"]
[BlackElo "2012"]
[PlyCount "47"]
[EventDate "2023.??.??"]
[EventType "team-tourn"]
[EventRounds "9"]
[EventCountry "GER"]
[WhiteTeam "GW Wismar"]
[BlackTeam "SSC Rostock"]
[WhiteTeamCountry "GER"]
[BlackTeamCountry "GER"]

1. d4 d5 2. Nf3 Nf6 3. Bf4 e6 4. e3 c5 5. c3 Nc6 6. Nbd2 cxd4 7. exd4 Nh5 8. Be3 Bd6 9. g3 Nf6 10. Bg2 Ng4 11. Qe2 Nxe3 12. Qxe3 O-O 13. O-O b6 14. Rfe1 Bb7 15. Nb3 Rc8 16. Bf1 Re8 17. Ne5 f6 18. Nxc6 Bxc6 19. Bh3 Bd7 20. Qf3 Qe7 21. Re3 Qf7 22. Rae1 Re7 23. Bg2 Rce8 24. Qd1 1/2-1/2

[Event "vl-2324 MVP"]
[Site "MVP"]
[Date "2023.11.05"]
[Round "2.3"]
[White "Schmidt, Peter"]
[Black "Schinke, Andreas"]
[Result "1/2-1/2"]
[WhiteElo "2075"]
[BlackElo "2053"]
[PlyCount "74"]
[EventDate "2023.??.??"]
[EventType "team-tourn"]
[EventRounds "9"]
[EventCountry "GER"]
[WhiteTeam "SSC Rostock"]
[BlackTeam "GW Wismar"]
[WhiteTeamCountry "GER"]
[BlackTeamCountry "GER"]

1. Nf3 Nf6 2. b3 c5 3. Bb2 Nc6 4. e3 e6 5. Bb5 Be7 6. O-O O-O 7. a4 a6 8. Bxc6 bxc6 9. Ne5 Qc7 10. f4 d6 11. Nc4 Nd7 12. Qg4 Bf6 13. Bxf6 Nxf6 14. Qh4 a5 15. Rf3 Ba6 16. Nba3 Rfe8 17. g4 d5 18. Ne5 Nd7 19. Nxd7 Qxd7 20. Rh3 h6 21. g5 Qe7 22. gxh6 Qxh4 23. Rxh4 g6 24. Kf2 Kh7 25. Rg1 Rab8 26. d3 Red8 27. Rg5 f6 28. Rg2 c4 29. bxc4 dxc4 30. f5 exf5 31. Nxc4 Rb4 32. Rd4 Rxd4 33. exd4 Bxc4 34. dxc4 Rxc4 35. Ke3 Rxa4 36. Kd3 Kxh6 37. Re2 Ra3+ 1/2-1/2

[Event "vl-2324 MVP"]
[Site "MVP"]
[Date "2023.11.05"]
[Round "2.4"]
[White "Lanz, Joerg"]
[Black "Hodl, Ingolf"]
[Result "1/2-1/2"]
[WhiteElo "2055"]
[BlackElo "1911"]
[PlyCount "39"]
[EventDate "2023.??.??"]
[EventType "team-tourn"]
[EventRounds "9"]
[EventCountry "GER"]
[WhiteTeam "GW Wismar"]
[BlackTeam "SSC Rostock"]
[WhiteTeamCountry "GER"]
[BlackTeamCountry "GER"]

1. Nf3 Nf6 2. g3 g6 3. Bg2 Bg7 4. O-O O-O 5. d3 d6 6. e4 Nbd7 7. Nc3 c6 8. h3 e5 9. Nh4 b5 10. Be3 b4 11. Ne2 Rb8 12. Bxa7 Ra8 13. Be3 Qe7 14. a4 bxa3 15. bxa3 d5 16. a4 dxe4 17. dxe4 Nc5 18. Nc3 Ba6 19. Re1 Ne6 20. Qc1 1/2-1/2

[Event "vl-2324 MVP"]
[Site "MVP"]
[Date "2023.11.05"]
[Round "2.5"]
[White "Nour, Alaa"]
[Black "Littke, Helmut"]
[Result "1-0"]
[WhiteElo "1774"]
[BlackElo "2054"]
[PlyCount "67"]
[EventDate "2023.??.??"]
[EventType "team-tourn"]
[EventRounds "9"]
[EventCountry "GER"]
[WhiteTeam "SSC Rostock"]
[BlackTeam "GW Wismar"]
[WhiteTeamCountry "GER"]
[BlackTeamCountry "GER"]

1. e4 c5 2. Nf3 Nc6 3. d4 cxd4 4. Nxd4 e6 5. Nc3 Qc7 6. f4 a6 7. Be3 Be7 8. Qg4 Nf6 9. Qf3 d6 10. h3 Bd7 11. g4 d5 12. exd5 Nxd5 13. Nxd5 Bh4+ 14. Bf2 Bxf2+ 15. Qxf2 exd5 16. Qe3+ Kf8 17. O-O-O Re8 18. Qf2 Re4 19. f5 h5 20. Bg2 Qf4+ 21. Qxf4 Rxf4 22. Nb3 hxg4 23. Bxd5 Rxh3 24. Rhe1 Kg8 25. Nc5 Bxf5 26. Re8+ Kh7 27. Bxf7 Bg6 28. Bxg6+ Kxg6 29. Nxb7 Nd4 30. Nc5 Rhf3 31. Nd3 Rf8 32. Ne5+ Kh7 33. Rxf8 Rxf8 34. Rxd4 1-0

[Event "vl-2324 MVP"]
[Site "MVP"]
[Date "2023.11.05"]
[Round "2.6"]
[White "Junggebauer, Thomas"]
[Black "Onasch, Gunnar"]
[Result "1/2-1/2"]
[WhiteElo "1971"]
[BlackElo "1897"]
[PlyCount "54"]
[EventDate "2023.??.??"]
[EventType "team-tourn"]
[EventRounds "9"]
[EventCountry "GER"]
[WhiteTeam "GW Wismar"]
[BlackTeam "SSC Rostock"]
[WhiteTeamCountry "GER"]
[BlackTeamCountry "GER"]

1. e4 c5 2. Nf3 e6 3. d4 cxd4 4. Nxd4 Nc6 5. Nc3 Qc7 6. Be2 a6 7. O-O Nf6 8. Kh1 b5 9. f4 Nxd4 10. Qxd4 Bc5 11. Qd3 d6 12. e5 Nd7 13. exd6 Bxd6 14. Bf3 Rb8 15. Ne4 Be7 16. Rd1 O-O 17. Be3 Nf6 18. c3 h6 19. Nxf6+ Bxf6 20. Qd6 Qxd6 21. Rxd6 Be7 22. Rd2 Bb7 23. Ba7 Ra8 24. Bxb7 Rxa7 25. Rd7 Rb8 26. Rxe7 Raxb7 27. Rxb7 Rxb7 1/2-1/2

[Event "vl-2324 MVP"]
[Site "MVP"]
[Date "2023.11.05"]
[Round "2.8"]
[White "Borchert, Ulf"]
[Black "Herde, Dittmar"]
[Result "1/2-1/2"]
[WhiteElo "1990"]
[BlackElo "1938"]
[PlyCount "28"]
[EventDate "2023.??.??"]
[EventType "team-tourn"]
[EventRounds "9"]
[EventCountry "GER"]
[WhiteTeam "GW Wismar"]
[BlackTeam "SSC Rostock"]
[WhiteTeamCountry "GER"]
[BlackTeamCountry "GER"]

1. d4 d5 2. Nf3 e6 3. Bg5 Be7 4. Bxe7 Qxe7 5. c3 Nd7 6. Nbd2 Ngf6 7. e3 O-O 8. Bd3 c5 9. O-O a6 10. a4 e5 11. dxe5 Nxe5 12. Nxe5 Qxe5 13. Nf3 Qc7 14. h3 h6 1/2-1/2

[Event "vl-2324 MVP"]
[Site "MVP"]
[Date "2023.11.05"]
[Round "2.1"]
[White "Stoevesand, Eric"]
[Black "Stubbe, Wilko"]
[Result "0-1"]
[WhiteElo "1910"]
[BlackElo "2181"]
[PlyCount "98"]
[EventDate "2023.??.??"]
[EventType "team-tourn"]
[EventRounds "9"]
[EventCountry "GER"]
[WhiteTeam "SG Neubrandenburg"]
[BlackTeam "Greifswalder SV"]
[WhiteTeamCountry "GER"]
[BlackTeamCountry "GER"]

1. e4 e6 2. d4 d5 3. Nc3 Nf6 4. e5 Nfd7 5. f4 c5 6. Nf3 Nc6 7. Be3 Be7 8. Qd2 a6 9. Qf2 Qa5 10. Bd3 Nb4 11. O-O c4 12. a3 cxd3 13. axb4 Qxb4 14. cxd3 Nf8 15. f5 Bd7 16. Ng5 Bxg5 17. Bxg5 h6 18. Bh4 Rc8 19. Rae1 Rc6 20. Re2 Bc8 21. Qf4 Qa5 22. Be1 Qd8 23. Bd2 exf5 24. e6 Nxe6 25. Qxf5 O-O 26. Qe5 Nc7 27. Qg3 Rg6 28. Qf2 Rf6 29. Qg3 Rxf1+ 30. Kxf1 Ne6 31. Re5 Qf6+ 32. Kg1 Nc7 33. Nxd5 Nxd5 34. Rxd5 Be6 35. Rd6 Rd8 36. Bc3 Rxd6 37. Qxd6 Qf5 38. Qb8+ Kh7 39. Qxb7 Bd5 40. Qe7 Qg4 41. Kf2 Qxg2+ 42. Ke1 Qg1+ 43. Kd2 Qxh2+ 44. Qe2 Qxe2+ 45. Kxe2 g5 46. Be1 f5 47. Kf2 f4 48. Bd2 Kg6 49. b4 Kf5 0-1

[Event "vl-2324 MVP"]
[Site "MVP"]
[Date "2023.11.05"]
[Round "2.2"]
[White "Kalhorn, Stefan"]
[Black "Stoevesand, Peter"]
[Result "1/2-1/2"]
[WhiteElo "2090"]
[BlackElo "1754"]
[PlyCount "135"]
[EventDate "2023.??.??"]
[EventType "team-tourn"]
[EventRounds "9"]
[EventCountry "GER"]
[WhiteTeam "Greifswalder SV"]
[BlackTeam "SG Neubrandenburg"]
[WhiteTeamCountry "GER"]
[BlackTeamCountry "GER"]

1. d4 d5 2. Nf3 Nf6 3. g3 e6 4. Bg2 Be7 5. O-O O-O 6. c4 Nbd7 7. Qc2 Re8 8. Nbd2 Nf8 9. e4 dxe4 10. Nxe4 Ng6 11. Rd1 c6 12. Ne5 a5 13. h4 Ra6 14. c5 Qc7 15. Nxg6 hxg6 16. Bf4 Qd7 17. Nd6 Rf8 18. Nc4 Nd5 19. Be5 b5 20. cxb6 Nxb6 21. Rac1 Nd5 22. Be4 Bb7 23. Qe2 Nf6 24. Bxf6 Bxf6 25. Ne5 Qc7 26. Rc5 Bxe5 27. dxe5 Rc8 28. Rdc1 a4 29. Qc2 a3 30. b3 Ra5 31. b4 Rxc5 32. Qxc5 Qd7 33. Kg2 Ba8 34. Rc3 g5 35. hxg5 g6 36. Rxa3 Kg7 37. Ra7 Qd1 38. Qe7 Rf8 39. Qf6+ Kg8 40. Ra3 Qe1 41. Qf3 Qxb4 42. Re3 Qa5 43. Bxc6 Qxa2 44. Bxa8 Qxa8 45. Ra3 Qxf3+ 46. Kxf3 Rb8 47. Ke3 Kg7 48. Kd4 Rd8+ 49. Ke4 Rb8 50. Rd3 Rb4+ 51. Rd4 Rb3 52. g4 Ra3 53. f3 Rb3 54. Kf4 Ra3 55. Re4 Ra1 56. Re3 Rg1 57. Re2 Kf8 58. Ke3 Rf1 59. f4 Kg7 60. Rf2 Ra1 61. Kf3 Ra3+ 62. Kg2 Re3 63. Rf3 Re2+ 64. Kg3 Re1 65. f5 gxf5 66. gxf5 Rxe5 67. fxe6 Rxe6 68. Kg4 1/2-1/2

[Event "vl-2324 MVP"]
[Site "MVP"]
[Date "2023.11.05"]
[Round "2.3"]
[White "Schulz, Daniel"]
[Black "Lange, Jannis"]
[Result "0-1"]
[WhiteElo "1817"]
[BlackElo "2085"]
[PlyCount "64"]
[EventDate "2023.??.??"]
[EventType "team-tourn"]
[EventRounds "9"]
[EventCountry "GER"]
[WhiteTeam "SG Neubrandenburg"]
[BlackTeam "Greifswalder SV"]
[WhiteTeamCountry "GER"]
[BlackTeamCountry "GER"]

1. e4 c5 2. Nf3 Nc6 3. c3 Nf6 4. e5 Nd5 5. d4 cxd4 6. cxd4 d6 7. Be2 Bf5 8. O-O e6 9. Qb3 Qb6 10. Qxb6 Nxb6 11. Nc3 a6 12. Rd1 d5 13. Nh4 Bc2 14. Rd2 Bg6 15. f4 Be7 16. Nxg6 hxg6 17. Rd1 Bd8 18. b3 Nc8 19. Be3 N8e7 20. g4 Rh3 21. Kf2 Nf5 22. gxf5 Bh4+ 23. Kf1 Rxe3 24. Rac1 gxf5 25. Kg2 g5 26. Bf3 O-O-O 27. Bh5 gxf4 28. Bxf7 Kd7 29. Na4 f3+ 30. Kh3 Rh8 31. Nc5+ Ke7 32. Bxe6 Be1# 0-1

[Event "vl-2324 MVP"]
[Site "MVP"]
[Date "2023.11.05"]
[Round "2.4"]
[White "Mildner, Jens"]
[Black "Kunow, Frank"]
[Result "1-0"]
[WhiteElo "2107"]
[BlackElo "1927"]
[PlyCount "143"]
[EventDate "2023.??.??"]
[EventType "team-tourn"]
[EventRounds "9"]
[EventCountry "GER"]
[WhiteTeam "Greifswalder SV"]
[BlackTeam "SG Neubrandenburg"]
[WhiteTeamCountry "GER"]
[BlackTeamCountry "GER"]

1. d4 Nf6 2. c4 e6 3. Nc3 Bb4 4. Qc2 c5 5. Nf3 Nc6 6. dxc5 O-O 7. Bd2 Bxc5 8. e3 b6 9. Be2 Bb7 10. a3 a6 11. O-O Rc8 12. Rfd1 Qc7 13. Na4 Be7 14. Qb3 Na5 15. Qxb6 Bxf3 16. Qxc7 Rxc7 17. Bxf3 Nb3 18. Rab1 Rxc4 19. Nc3 d5 20. Be2 Rc6 21. Na2 Rc2 22. Nc1 Rxd2 23. Nxb3 Rxe2 24. Nd4 Rxf2 25. Kxf2 Ng4+ 26. Kf3 Nxh2+ 27. Kg3 Bd6+ 28. Kh3 h5 29. g3 Ng4 30. Re1 Rc8 31. Re2 Rc4 32. Rc2 Nxe3 33. Rxc4 Nxc4 34. a4 Be5 35. b3 Bxd4 36. bxc4 dxc4 37. Rb4 Be3 38. Rxc4 a5 39. Rc2 Kh7 40. Re2 Bd4 41. Rc2 g6 42. Rc4 e5 43. Rc7 Kg7 44. Kg2 g5 45. Kf3 Kg6 46. Ke4 f6 47. Rc6 Bf2 48. Ra6 Be1 49. Ra8 Bxg3 50. Rxa5 f5+ 51. Kf3 h4 52. Rb5 e4+ 53. Ke2 h3 54. a5 h2 55. Rb1 Bb8 56. a6 g4 57. Kf2 Ba7+ 58. Kg2 e3 59. Kxh2 e2 60. Re1 Bb8+ 61. Kh1 Kg5 62. Rxe2 f4 63. Re8 Ba7 64. Re7 Bc5 65. a7 Bxa7 66. Rxa7 f3 67. Kh2 Kf4 68. Rf7+ Ke3 69. Kg3 Ke2 70. Ra7 Kf1 71. Ra2 Ke1 72. Rf2 1-0

[Event "vl-2324 MVP"]
[Site "MVP"]
[Date "2023.11.05"]
[Round "2.5"]
[White "Hoerhold, Martin"]
[Black "Woll, Wilfried"]
[Result "1/2-1/2"]
[WhiteElo "1852"]
[BlackElo "2023"]
[PlyCount "35"]
[EventDate "2023.??.??"]
[EventType "team-tourn"]
[EventRounds "9"]
[EventCountry "GER"]
[WhiteTeam "SG Neubrandenburg"]
[BlackTeam "Greifswalder SV"]
[WhiteTeamCountry "GER"]
[BlackTeamCountry "GER"]

1. d4 d5 2. c4 e6 3. Nf3 c5 4. cxd5 exd5 5. dxc5 Bxc5 6. e3 Nf6 7. Be2 Nc6 8. O-O Ne4 9. Nc3 Nxc3 10. bxc3 O-O 11. Nd4 Na5 12. Nb3 Be7 13. Nxa5 Qxa5 14. Qb3 Rb8 15. a4 Be6 16. c4 Bf6 17. Ra2 Rfc8 18. Qb5 1/2-1/2

[Event "vl-2324 MVP"]
[Site "MVP"]
[Date "2023.11.05"]
[Round "2.6"]
[White "Johlke, Lorenz"]
[Black "Rossmann, Andreas"]
[Result "1-0"]
[WhiteElo "1644"]
[BlackElo "2073"]
[PlyCount "81"]
[EventDate "2023.??.??"]
[EventType "team-tourn"]
[EventRounds "9"]
[EventCountry "GER"]
[WhiteTeam "Greifswalder SV"]
[BlackTeam "SG Neubrandenburg"]
[WhiteTeamCountry "GER"]
[BlackTeamCountry "GER"]

1. d4 Nf6 2. Bf4 d6 3. Nf3 Bg4 4. Nbd2 Nbd7 5. h3 Bh5 6. Bh2 Bg6 7. e3 Ne4 8. Nxe4 Bxe4 9. Bd3 Bxd3 10. Qxd3 e6 11. O-O Be7 12. c4 c6 13. Rab1 a5 14. b4 axb4 15. Rxb4 Rxa2 16. Rxb7 Qa8 17. Rfb1 Ra7 18. Qb3 O-O 19. Nd2 Rd8 20. Ne4 Rxb7 21. Qxb7 Qa2 22. Bxd6 f5 23. Bxe7 Rb8 24. Qxb8+ Nxb8 25. Rxb8+ Kf7 26. Bd6 fxe4 27. Rb7+ Kg6 28. Be5 h5 29. Rxg7+ Kh6 30. c5 Qe2 31. Rf7 Qc4 32. Rf8 Qa2 33. h4 Kh7 34. Bg3 Kg7 35. Rd8 Kf7 36. Rd7+ Kf6 37. Be5+ Kg6 38. Rd6 Qb1+ 39. Kh2 Qb7 40. Rxe6+ Kh7 41. Bf4 1-0

[Event "vl-2324 MVP"]
[Site "MVP"]
[Date "2023.11.05"]
[Round "2.7"]
[White "Baier, Karsten"]
[Black "Schwahn, Christian"]
[Result "1/2-1/2"]
[WhiteElo "1984"]
[BlackElo "1922"]
[PlyCount "62"]
[EventDate "2023.??.??"]
[EventType "team-tourn"]
[EventRounds "9"]
[EventCountry "GER"]
[WhiteTeam "SG Neubrandenburg"]
[BlackTeam "Greifswalder SV"]
[WhiteTeamCountry "GER"]
[BlackTeamCountry "GER"]

1. d4 Nf6 2. c4 e6 3. Nc3 Bb4 4. Nf3 O-O 5. Bg5 d5 6. e3 Nbd7 7. cxd5 exd5 8. Bd3 Re8 9. O-O c6 10. Qc2 h6 11. Bh4 a6 12. Ne2 Bd6 13. Nd2 Qc7 14. Bg3 Nf8 15. Bxd6 Qxd6 16. e4 dxe4 17. Nxe4 Nxe4 18. Bxe4 Bg4 19. f3 Bh5 20. Rad1 Rad8 21. Ng3 Bg6 22. Bxg6 Nxg6 23. Ne4 Qe7 24. Qc5 Rd5 25. Qxe7 Rxe7 26. Nc3 Rd6 27. Rd2 Nf4 28. g3 Nd5 29. Nxd5 Rxd5 30. Kf2 Red7 31. Ke3 Re7+ 1/2-1/2

[Event "vl-2324 MVP"]
[Site "MVP"]
[Date "2023.11.05"]
[Round "2.8"]
[White "Sowada, Christoph"]
[Black "Leisner, Ekkehardt"]
[Result "1/2-1/2"]
[WhiteElo "1950"]
[BlackElo "1858"]
[PlyCount "113"]
[EventDate "2023.??.??"]
[EventType "team-tourn"]
[EventRounds "9"]
[EventCountry "GER"]
[WhiteTeam "Greifswalder SV"]
[BlackTeam "SG Neubrandenburg"]
[WhiteTeamCountry "GER"]
[BlackTeamCountry "GER"]

1. e4 c5 2. c3 d5 3. exd5 Qxd5 4. Na3 Nf6 5. Nf3 a6 6. Bc4 Qe4+ 7. Be2 Nc6 8. O-O e6 9. Re1 Qd5 10. Nc4 Qd8 11. a4 Be7 12. d3 Nd5 13. d4 O-O 14. Nfe5 Nxe5 15. Nxe5 cxd4 16. Qxd4 f6 17. Nf3 e5 18. Qe4 Nc7 19. Bd3 g6 20. Bh6 Bf5 21. Bc4+ Kh8 22. Qxb7 Rb8 23. Qc6 Bd7 24. Qe4 Rxb2 25. Bxf8 Bxf8 26. Qd3 Qc8 27. Red1 Bc6 28. Qd8 Qxd8 29. Rxd8 Kg7 30. Rc8 Rb7 31. Rd8 Be7 32. Rd2 a5 33. h3 Rb6 34. Ne1 Ne8 35. Bd5 Bd7 36. Nd3 Nc7 37. Bf3 Be6 38. Rb2 Rxb2 39. Nxb2 f5 40. Bc6 e4 41. Rb1 Bf6 42. Nd1 Be5 43. Rb6 Kf7 44. Kf1 Ke7 45. Ke2 Bc4+ 46. Kd2 Bd6 47. Ne3 Be6 48. Rb7 Kd8 49. Ra7 f4 50. Nc2 Bc5 51. Rxa5 Bxf2 52. Bxe4 Kd7 53. Nd4 Bc4 54. Rc5 Be3+ 55. Ke1 Ba6 56. Rc6 Bb7 57. Rxc7+ 1/2-1/2

[Event "vl-2324 MVP"]
[Site "MVP"]
[Date "2023.11.05"]
[Round "2.1"]
[White "Grossmann, Piet"]
[Black "Montag, Ralf"]
[Result "1/2-1/2"]
[WhiteElo "1904"]
[BlackElo "2050"]
[PlyCount "118"]
[EventDate "2023.??.??"]
[EventType "team-tourn"]
[EventRounds "9"]
[EventCountry "GER"]
[WhiteTeam "SAV Torgelow"]
[BlackTeam "VT Ludwigslust"]
[WhiteTeamCountry "GER"]
[BlackTeamCountry "GER"]

1. e4 c5 2. Nf3 Nc6 3. d4 cxd4 4. Nxd4 g6 5. Nc3 Bg7 6. Be3 Nf6 7. Bc4 O-O 8. Bb3 Ng4 9. Qxg4 Nxd4 10. Qd1 Nxb3 11. axb3 b6 12. Bd4 d6 13. O-O Be6 14. Bxg7 Kxg7 15. f4 Qc7 16. Qd4+ f6 17. Nb5 Qd7 18. c4 a6 19. Nc3 Qc7 20. Kh1 Qc5 21. Qd2 b5 22. Nd5 bxc4 23. Ra5 c3 24. Qxc3 Qxc3 25. bxc3 Rfb8 26. Nc7 Bxb3 27. Nxa8 Rxa8 28. e5 dxe5 29. fxe5 Rc8 30. exf6+ exf6 31. Rxa6 Rxc3 32. Raxf6 Bc4 33. Rc6 Rc2 34. Rd1 h5 35. h3 Bd3 36. Rxc2 Bxc2 37. Rd6 h4 38. Rd4 g5 39. Rd6 Bg6 40. Kg1 Kh6 41. Kf2 Kh5 42. Kf3 Bf5 43. Ke3 Bc8 44. Rb6 Bf5 45. Kd4 g4 46. Rb5 gxh3 47. gxh3 Kg6 48. Rb3 Kg5 49. Ke5 Bd7 50. Rc3 Bf5 51. Rf3 Bc8 52. Rf8 Bxh3 53. Rg8+ Kh5 54. Kf4 Bf1 55. Rh8+ Kg6 56. Rxh4 Be2 57. Rh2 Bb5 58. Rb2 Bc4 59. Rb6+ Kf7 1/2-1/2